Chao!
Tallennettuna:
| Päätekijä: | |
|---|---|
| Aineistotyyppi: | Kirja |
| Kieli: | espanja |
| Julkaistu: |
Bogotá
Norma
2001
|
| Painos: | 1a. ed |
| Sarja: | Torre de Papel. Amarilla
|
| Aiheet: | |
| Tagit: |
Lisää tagi
Ei tageja, Lisää ensimmäinen tagi!
|
MARC
| LEADER | 00000nam a2200000 a 4500 | ||
|---|---|---|---|
| 001 | UCG0136 | ||
| 003 | CL-VaPUC | ||
| 008 | 100312e20010000CK |||||||||||||||||spa|d | ||
| 020 | |a 958046023X | ||
| 082 | 0 | 4 | |a B869.3 |b NUN |2 21 |
| 100 | |a Nunes, Lygia Bojunga |e autora |9 547535 | ||
| 245 | 1 | 0 | |a Chao! |
| 250 | |a 1a. ed | ||
| 300 | |a 126 p | ||
| 942 | |c BK | ||
| 945 | |d 20100312 00:00:00 |a cmena | ||
| 260 | |a Bogotá |b Norma |c 2001 | ||
| 650 | 7 | |a RELATOS BRASILEÑOS |2 CL-VaPUC |9 547532 | |
| 650 | 0 | |a Literatura brasileña |9 269433 | |
| 650 | 0 | |a Cuentos brasileños |9 268434 | |
| 583 | |a last modification |c 20121105 03:46:22 |k Rodrigo Vera | ||
| 490 | 0 | |a Torre de Papel. Amarilla | |
| 999 | |c 339883 |d 339881 | ||